Reinar después de morir ; (Record no. 171062)

MARC details
000 -LEADER
campo de control de longitud fija 01036nam a2200265 i 4500
001 - NÚMERO DE CONTROL
campo de control 171062
003 - IDENTIFICADOR DE NÚMERO DE CONTROL
campo de control ES-MaACL
005 - FECHA Y HORA DE LA ÚLTIMA TRANSACCIÓN
campo de control 20250823063125.0
007 - CAMPO FIJO DE DESCRIPCIÓN FÍSICA--INFORMACIÓN GENERAL
campo de control de longitud fija t|
008 - DATOS DE LONGITUD FIJA--INFORMACIÓN GENERAL
campo de control de longitud fija 090424q19271930sp ||||1| spa d
080 ## - NÚMERO DE LA CLASIFICACIÓN DECIMAL UNIVERSAL
Número de la Clasificación Decimal Universal 821.134.2-22"16"
080 ## - NÚMERO DE LA CLASIFICACIÓN DECIMAL UNIVERSAL
Número de la Clasificación Decimal Universal 821.134.2-23"16"
100 1# - ENTRADA PRINCIPAL--NOMBRE DE PERSONA
Nombre de persona Vélez de Guevara, Luis,
Fechas asociadas al nombre 1579-1644
9 (RLIN) 113833
245 10 - MENCIÓN DEL TÍTULO
Título Reinar después de morir ;
Resto del título La luna de la sierra /
Mención de responsabilidad, etc. Luis Vélez de Guevara ; prólogo y notas de Ángel Valbuena Prat.
260 ## - PUBLICACIÓN, DISTRIBUCIÓN, ETC.
Lugar de publicación, distribución, etc. Madrid :
Nombre del editor, distribuidor, etc. Compañía Ibero-Americana de Publicaciones,
Fecha de publicación, distribución, etc. [entre 1927-1930]
300 ## - DESCRIPCIÓN FÍSICA
Extensión 264 p. ;
Dimensiones 19 cm.
490 1# - MENCIÓN DE SERIE
Mención de serie Las cien mejores obras de la literatura española ;
Designación de volumen o secuencia 77
490 1# - MENCIÓN DE SERIE
Mención de serie Teatro escogido ;
Designación de volumen o secuencia 1
700 1# - ENTRADA AGREGADA--NOMBRE PERSONAL
Nombre de persona Valbuena Prat, Ángel,
Fechas asociadas al nombre 1900-1977
9 (RLIN) 112459
740 32 - ENTRADA AGREGADA--TÍTULO RELACIONADO/ANALÍTICO NO CONTROLADO
Título relacionado o analítico no controlado La luna de la sierra.
830 1# - PUNTO DE ACCESO ADICIONAL DE SERIE-TÍTULO UNIFORME
Título uniforme Las cien mejores obras de la literatura española ;
Designación de volumen o secuencia 77
9 (RLIN) 181993
830 1# - PUNTO DE ACCESO ADICIONAL DE SERIE-TÍTULO UNIFORME
Título uniforme Teatro escogido ;
Designación de volumen o secuencia 1
9 (RLIN) 223130
852 4# - LOCALIZACIÓN
Ubicación ES-MaACL
Número de control de estantería E-12604
Nota libre - Biblioteca Jacinto Martínez Lacalle
Holdings
Estatus retirado Estado de pérdida Estado de daño No para préstamo Biblioteca de origen Biblioteca actual Ubicación en estantería Fecha de adquisición Fuente de adquisición Total de préstamos Signatura topográfica completa Código de barras Visto por última vez Precio de reemplazo Tipo de ítem Koha
        Biblioteca del Ateneo de Madrid Biblioteca del Ateneo de Madrid Depósito 2 24/04/2009     E-12604 1179526 23/02/2023 23/02/2023 Libro impreso